000 00201 a2200097 4500
001 10459
100 _aBrown, H G W
245 _aWar memories unity
260 _a
_bWeidenfeld
_c
090 _c8084
_d8084
942 _aNUST-CAE
_cM
_c34805
999 _c245532
_d245532